000 00906nam a2200241Ia 4500
003 OSt
005 20220923221640.0
006 a|||||r|||| 00| 0
007 ta
008 220922b |||||||| |||| 00| 0 hin d
024 _a199,007
037 _cTextual
040 _aARTS
_cARTS
_bhin
041 _2hin
_ahin
082 _aP152,4:4, M3
100 _aसिंह, राजेन्द्र प्रसाद
_9160236
245 0 _aहिन्दी पहेलियों का भाषा शास्त्रीय अध्ययन
246 _aHindī paheliyoan kā bhāṣhā shāstrīya adhyayana
260 _aदिल्ली
_b बिहार ग्रंथ कुटीर प्रका0
_c1983
300 _a122पृ.
_ccm.
942 _hP152,4:4, M3
_cTEXL
_2CC
999 _c350786
_d350786